Music Quiz

Random Music or Disney Quiz

Name the disney lyrics Quiz Stats

 Plays Quiz not verified by Sporcle

Also try: Song Titles!
Challenge
Share
Tweet
Embed
Score 0/237 Timer 10:00
0 Plays Today
Hint Answer % Correct
a
100%
the
100%
the
100%
The
100%
and
100%
the
100%
the
100%
and
100%
a
100%
a
100%
And
100%
a
100%
a
100%
the
100%
the
100%
the
100%
the
100%
you
91.3%
in
91.3%
in
91.3%
to
87%
to
87%
To
87%
to
87%
it's
78.3%
is
78.3%
is
78.3%
is
78.3%
is
78.3%
so
78.3%
is
78.3%
It's
78.3%
is
78.3%
it's
78.3%
it's
78.3%
is
78.3%
of
73.9%
we
73.9%
of
73.9%
day!
73.9%
your
73.9%
day!
73.9%
your
73.9%
be
73.9%
of
73.9%
of
73.9%
of
73.9%
of
73.9%
like
69.6%
one
69.6%
up
69.6%
like
69.6%
that
69.6%
this
69.6%
that
69.6%
no
69.6%
up
69.6%
No
69.6%
that
69.6%
too
69.6%
this
69.6%
that
69.6%
if
69.6%
this
69.6%
see
69.6%
But
69.6%
that
69.6%
no
69.6%
that
69.6%
no
69.6%
But
69.6%
that
69.6%
like
69.6%
say
65.2%
There
65.2%
Every
65.2%
just
65.2%
there
65.2%
she
65.2%
Hint Answer % Correct
some
65.2%
How
65.2%
How
65.2%
I
65.2%
There
65.2%
there
65.2%
she
65.2%
I
65.2%
What
65.2%
my
65.2%
where
65.2%
she
65.2%
she
65.2%
I'm
65.2%
from
65.2%
from
65.2%
Little
60.9%
before
60.9%
Little
60.9%
little
60.9%
goes
60.9%
same
60.9%
same
60.9%
Look
60.9%
goes
60.9%
can't
60.9%
Good
60.9%
Good
60.9%
Look
60.9%
goes
60.9%
look
60.9%
town
56.5%
quiet
56.5%
village
56.5%
town
56.5%
people
56.5%
with
56.5%
his
56.5%
always
56.5%
came
56.5%
town
56.5%
girl
56.5%
her
56.5%
she's
56.5%
girl
56.5%
need
56.5%
more
56.5%
life!
56.5%
girl
56.5%
she's
56.5%
With
56.5%
her
56.5%
book
56.5%
us
56.5%
you'll
56.5%
Here
56.5%
won't
56.5%
him
56.5%
her
56.5%
Her
56.5%
got
56.5%
she's
56.5%
us
56.5%
She's
56.5%
us
56.5%
us
56.5%
full
52.2%
Waking
52.2%
Bonjour!
52.2%
Bonjour!
52.2%
Bonjour!
52.2%
Bonjour!
52.2%
Bonjour!
52.2%
baker
52.2%
tray
52.2%
old
52.2%
bread
52.2%
rolls
52.2%
sell
52.2%
Hint Answer % Correct
morning
52.2%
Since
52.2%
morning
52.2%
poor
52.2%
provincial
52.2%
strange,
52.2%
Never
52.2%
Belle
52.2%
Bonjour!
52.2%
family?
52.2%
Bonjour!
52.2%
wife?
52.2%
six
52.2%
eggs!
52.2%
That's
52.2%
expensive!
52.2%
must
52.2%
than
52.2%
provincial
52.2%
well
52.2%
nose
52.2%
stuck
52.2%
rest
52.2%
Belle
52.2%
Oh,
52.2%
because
52.2%
Prince
52.2%
Charming
52.2%
chapter
52.2%
three!
52.2%
Now
52.2%
have
52.2%
afraid
52.2%
odd
52.2%
rest
52.2%
rest
52.2%
rest
52.2%
Belle!
52.2%
Everyday
47.8%
question
47.8%
tell?
47.8%
part
47.8%
funny
47.8%
peculiar
47.8%
wonder
47.8%
dreamy
47.8%
far-off
47.8%
part
47.8%
meets
47.8%
discover
47.8%
till
47.8%
wonder
47.8%
name
47.8%
means
47.8%
'Beauty'
47.8%
looks
47.8%
rather
47.8%
Very
47.8%
different
47.8%
nothing
47.8%
different
47.8%
any
43.5%
cloud
43.5%
feeling
43.5%
puzzle
43.5%
isn't
43.5%
amazing?
43.5%
favorite
43.5%
parallel
43.5%
fair
43.5%
facade
43.5%
distracted
39.1%
crowd
39.1%
head's
39.1%
Yes,
39.1%
Dazed
34.8%
Cause
34.8%
denying
34.8%
behind
34.8%

You're not logged in!

Compare scores with friends on all Sporcle quizzes.
Join for Free
OR
Log In

You Might Also Like...

Show Comments

Extras

Created Apr 28, 2017ReportNominate
Tags:Disney Quiz

Top Quizzes Today


Score Distribution

Your Account Isn't Verified!

In order to create a playlist on Sporcle, you need to verify the email address you used during registration. Go to your Sporcle Settings to finish the process.

Report this User

Report this user for behavior that violates our Community Guidelines.

Details: